000 00977nam a2200205 a 4500
001 000048260
005 20201002061027.0
008 181210s2015 dr 000 m spa d
020 _a9789945085105
040 _aDO-SdBNP
_bspa
_cBNPHU
082 _axxxx
_bM844p
100 1 _aMoreta Batista, Rafael Guaroa,
_d1934-
_919705
245 1 4 _aLas proles de mis dolores : máximas y aforismos /
_cRafael Guaroa Moreta Batista ; prólogo Rafael Rodriguez Guichardo.
260 _aSanto Domingo :
_bSantuario,
_c2015.
300 _a162 p. ;
_c23 cm.
500 _aIncluye datos biográficos del autor en la solapa de la cubierta.
505 0 _aSemblanza --
_tPrólogo --
_tEn torno a Las Proles de mis Dolores --
_rArq. Junior Rosario Ramírez
_tUn nuevo mundo faro para Bonao --
_rProf. Ramon Castro
_tPresentacion --
_tMi cultivo bibliográfico ha sido --
_tColofón --
_tEpílogo --
_tGlosario.
590 _aInventariado, 2019/LP
700 1 _aRodríguez Güichardo, Rafael,
_epról.
_975695
999 _c47748
_d47748